01563nam a2200241 a 4500003000500000005001700005007001500022008004100037035001100078040000900089100002600098245016500124260004000289300006000329336002800389337002900417338004000446502002800486520068400514650003201198700003801230856005301268CHAP20241008140749.0cr ||||||a|c|a101122s2010 mx r 00010 spa d a111566 cCHAP1 aLuna Tetelano, Javier10aCaracterización de dos sistemas agroforestales tradicionales en comunidades de Jalacingo, Veracruzc/por Javier Luna Tetelano; director Antonio Becerra Moreno aChapingo, Méx. :bEl autor,c2010 a1 recurso en línea (102 páginas):bcuadros, figuras 2rdacontentatexto btxt 2rdamediaacomputadorabc 2rdacarrierarecursos en líneabcr bIRNRcSuelosd2010gLIC aSe realizó una evaluación agroforestal en este trabajo, gracias a encuestas realizadas a los productores de siete localidades del municipio de Jalacingo, Veracruz, que manejan sistemas agrosilvícolas con asociaciones de maíz-aguacate-ciruela y maíz-ciruela; describiéndolos desde una perspectiva técnica y de producción agronómica y estimando la relación Beneficio Costo (B/C) de la producción anual de las parcelas de los productores de la zona. Por tanto, los dos sistemas agroforestales (maíz-aguacate-ciruela y maíz-ciruela) se adaptan a las condiciones ecológicas y son rentables como lo muestran los resultados de la relación beneficio costo.04aAgroforesteríazVeracruz.0 aBecerra Moreno, AntonioeDirector uhttp://10.13.5.2/tesis/111566.pdfzDESCARGAR PDF